000 00648nam a2200229Ia 4500
003 OSt
005 20220918191324.0
006 a|||||r|||| 00| 0
007 ta
008 220917b |||||||| |||| 00| 0 eng d
024 _a62,566
037 _cTextual
040 _aARTS
_cARTS
_beng
041 _2eng
_aeng
082 _aQ456, L3
100 _aShinran G S
_975682
245 0 _aKyogyoshinsho
_b the collected of passage expounding the true teaching living, faith and realizing of the pure land
260 _c1973
650 _aBUDDHISM; RELIGION
942 _hQ456, L3
_cTEXL
_2CC
999 _c189243
_d189243